Curriculum foundations, principles, and issues
Guardat en:
| Autor principal: | |
|---|---|
| Format: | Llibre |
| Idioma: | anglès |
| Publicat: |
Pearson Education
2018
|
| Etiquetes: |
Afegir etiqueta
Sense etiquetes, Sigues el primer a etiquetar aquest registre!
|
MARC
| LEADER | 00000nam a22000007a 4500 | ||
|---|---|---|---|
| 008 | 201217b ||||| |||| 00| 0 eng d | ||
| 020 | |a ISBN: 978-1-292-16207-2 | ||
| 100 | |a ORNSTEIN, Allan C. | ||
| 245 | |a Curriculum |b foundations, principles, and issues |c Allan C. Ornstein, Francis P. Hunkins.- |g 368p.; ill. | ||
| 250 | |b 7th ed. | ||
| 260 | |b Pearson Education |c 2018 |h Harlow, England |i 691324 |l LB2806.15 .Or6 |m Curriculum planning – United States |m Curriculum evaluation – United States | ||
| 500 | |a “It includes index”. | ||
| 942 | |a lcc |c BK |e Olagoke M.A |f 17/12/2020 | ||
| 952 | |0 0 |1 0 |2 lcc |4 0 |6 LB280615 O R6 |7 0 |9 687 |a HOL |b HOL |c LP |d 2020-12-17 |l 0 |o LB2806.15 .Or6 |p 2020-229913 |r 2020-12-17 00:00:00 |w 2020-12-17 |y BK | ||
| 999 | |c 385 |d 385 | ||